Algoritmizácia pracovno a sociálno-právnych predpisov, 1. 2. 3 Banská Bystrica, 1.-2. marca 1983

Guardado en:
Detalles Bibliográficos
Formato: Libro
Lenguaje:eslovaco
Publicado: Banská Bystrica Dom techniky ČSVTS 1983
Etiquetas: Agregar Etiqueta
Sin Etiquetas, Sea el primero en etiquetar este registro!

MARC

LEADER 00000nam a2200000 4500
001 c130287
005 20041019155249.0
041 0 |a slo 
044 |a SK 
245 1 0 |a Algoritmizácia pracovno a sociálno-právnych predpisov, 1. 2. 3  |b Banská Bystrica, 1.-2. marca 1983 
264 1 |a Banská Bystrica  |b Dom techniky ČSVTS  |c 1983 
300 |a 76 s.